| 000 | 00412nam a2200169 4500 | ||
|---|---|---|---|
| 008 | 250220b ||||| |||| 00| 0 eng d | ||
| 020 | _a9789391211660 | ||
| 041 | _aeng | ||
| 082 |
_a346.015 _bSAF |
||
| 100 | _aSaxena, Poonam Pradhan | ||
| 245 |
_aFamily Law Lectures _b: Family Law II |
||
| 250 | _a5th Ed. | ||
| 260 |
_aHaryana _bLexis Nexis _c2025 |
||
| 300 | _a646p. | ||
| 650 | _aLAW | ||
| 942 |
_2ddc _cBK |
||
| 999 |
_c49866 _d49866 |
||